Uruguay : Selected Issues.

This Selected Issues paper provides a real exchange rate and competitiveness assessment for Uruguay. It looks at the recent developments in key external competitiveness indicators such as the bilateral real effective exchange rates, export volumes, export market shares, export unit values, unit labo...

Descrizione completa

Dettagli Bibliografici
Ente Autore: International Monetary Fund
Natura: Periodico
Lingua:English
Pubblicazione: Washington, D.C. : International Monetary Fund, 2010.
Serie:IMF Staff Country Reports; Country Report ; No. 2010/043
Accesso online:Full text available on IMF
LEADER 01673cas a2200241 a 4500
001 AALejournalIMF006294
008 230101c9999 xx r poo 0 0eng d
020 |c 5.00 USD 
020 |z 9781451839456 
022 |a 1934-7685 
040 |a BD-DhAAL  |c BD-DhAAL 
110 2 |a International Monetary Fund. 
245 1 0 |a Uruguay :   |b Selected Issues. 
264 1 |a Washington, D.C. :  |b International Monetary Fund,  |c 2010. 
300 |a 1 online resource (62 pages) 
490 1 |a IMF Staff Country Reports 
500 |a <strong>Off-Campus Access:</strong> No User ID or Password Required 
500 |a <strong>On-Campus Access:</strong> No User ID or Password Required 
506 |a Electronic access restricted to authorized BRAC University faculty, staff and students 
520 3 |a This Selected Issues paper provides a real exchange rate and competitiveness assessment for Uruguay. It looks at the recent developments in key external competitiveness indicators such as the bilateral real effective exchange rates, export volumes, export market shares, export unit values, unit labor costs as well as foreign direct investment performance. The paper pursues an assessment of the real exchange rate following a broad-based strategy of applying four different approaches, including the purchasing power parity approach, the macroeconomic balance approach, the external sustainability approach, and the equilibrium real exchange rate approach. 
538 |a Mode of access: Internet 
830 0 |a IMF Staff Country Reports; Country Report ;  |v No. 2010/043 
856 4 0 |z Full text available on IMF  |u http://elibrary.imf.org/view/journals/002/2010/043/002.2010.issue-043-en.xml  |z IMF e-Library